00314pab a2200121 454500008004000000100001800040245005000058260000900108300000900117362001000126650003600136773002000172180718b1995 xxu||||| |||| 00| 0 eng d aMalkani, K.R. aSystem of governmentbstructure not at fault. c1995 ap.11 a4 Jul aIndia - Politics and government aHindustan Times